000 00293nam a22001217a 4500
008 180424b xxu||||| |||| 00| 0 eng d
041 _aeng
080 _a043.3
100 _a0
101 _aSHKI-BTH
245 _aImplementimi i Teknologjisë RFID në Bibloteka
_cDreshaj,A
942 _2udc
_cBK
999 _c45469
_d45469